000 00533nam a2200205 a 4500
001 18604
003 CO-ViMGA
008 141112s2004 ck r 000 u spa d
020 _a9684113056
040 _aCO-ViMGA
_bspa
_cCO-ViMGA
082 0 4 _aM 863.6 P654t
100 1 _aPoniatowska, Elena
_926485
245 1 0 _aTinísima
260 _aMexico,
_cEra,
_c2001
300 _a663.p.
590 _aForma de adquisición : Premio - Mincultura
650 1 4 _aMODOTTI, TINA - NOVELA
_926486
650 1 4 _aNOVELA MEXICANA
942 _2ddc
_cBK
999 _c8083
_d8083